[Event "SLO-chT (Women)"]
[Site "Slovenia"]
[Date "2010.??.??"]
[Round "2"]
[White "Ahmatovic, Mirela"]
[Black "Vospernik, Mira"]
[Result "1-0"]
[WhiteElo "1955"]
[BlackElo "2035"]
[PlyCount "99"]
[EventDate "2010.??.??"]
[EventType "team-tourn"]
[EventRounds "9"]
[EventCountry "SLO"]
[SourceTitle "EXT 2012"]
[Source "ChessBase"]
[SourceDate "2011.11.24"]
[SourceVersion "1"]
[SourceVersionDate "2011.11.24"]
[SourceQuality "1"]

1. e4 c5 2. Nf3 a6 3. c4 Nc6 4. d4 cxd4 5. Nxd4 e6 6. Nc3 Bb4 7. Nf3 Nf6 8. Bd3 Qc7 9. 0-0 Ng4 10. h3 h5 11. hxg4 hxg4 12. g3 gxf3 13. Qxf3 Ne5 14. Qe2 Qd8 15. Bf4 Ng6 16. Qg4 Be7 17. e5 Nxf4 18. Qxf4 Bg5 19. Qg4 d5 20. exd6 Bf6 21. c5 Bd7 22. Be4 Rb8 23. Qf3 Qc8 24. b4 Bc6 25. Rac1 a5 26. a3 axb4 27. axb4 Ra8 28. b5 Bxe4 29. Nxe4 Bd4 30. c6 bxc6 31. bxc6 0-0 32. Ng5 Bf6 33. Ne4 Be5 34. Qh5 f6 35. Kg2 Qe8 36. Qxe8 Rfxe8 37. d7 Red8 38. Nc5 Kf7 39. Nb7 Ke7 40. Rfd1 Bc7 41. Nxd8 Kxd8 42. Rh1 Ke7 43. Rh7 Rg8 44. Rch1 Kd6 45. Rh8 Rd8 46. Rxd8 Bxd8 47. Rh8 Kc7 48. Kf3 g6 49. Re8 e5 50. Ke4 1-0

[Event "SLO-chT (Women)"]
[Site "Rogaska Slatina"]
[Date "2009.03.29"]
[Round "5"]
[White "Vospernik, Mira"]
[Black "Hocevar, Maja"]
[Result "1/2-1/2"]
[WhiteElo "2059"]
[BlackElo "2017"]
[PlyCount "52"]
[EventDate "2009.03.27"]
[EventType "team-tourn"]
[EventRounds "9"]
[EventCountry "SLO"]
[SourceTitle "CBM 129 Extra"]
[Source "ChessBase"]
[SourceDate "2009.05.05"]
[SourceVersion "2"]
[SourceVersionDate "2009.05.20"]
[SourceQuality "1"]

1. d4 d5 2. Nf3 Nf6 3. Bf4 e6 4. e3 c6 5. Ne5 Be7 6. Nd2 0-0 7. Bd3 Nbd7 8. c3 Re8 9. g4 Nxe5 10. Bxe5 c5 11. h4 cxd4 12. exd4 Nd7 13. Bg3 e5 14. dxe5 Bd6 15. f4 f6 16. Qb3 Nb6 17. 0-0-0 fxe5 18. fxe5 Bxe5 19. Bxe5 Rxe5 20. Qc2 h6 21. g5 h5 22. Rde1 Rxe1+ 23. Rxe1 Bg4 24. Nb3 Qd6 25. Qf2 Rf8 26. Qe3 Nc4 1/2-1/2

[Event "SLO-chT (Women)"]
[Site "Rogaska Slatina"]
[Date "2009.03.28"]
[Round "4"]
[White "Novak, Ksenija"]
[Black "Vospernik, Mira"]
[Result "1-0"]
[WhiteElo "2174"]
[BlackElo "2059"]
[PlyCount "35"]
[EventDate "2009.03.27"]
[EventType "team-tourn"]
[EventRounds "9"]
[EventCountry "SLO"]
[SourceTitle "CBM 129 Extra"]
[Source "ChessBase"]
[SourceDate "2009.05.05"]
[SourceVersion "2"]
[SourceVersionDate "2009.05.20"]
[SourceQuality "1"]

1. e4 c5 2. Nf3 a6 3. d4 cxd4 4. Nxd4 Nf6 5. Nc3 e5 6. Nf3 Bb4 7. Bg5 Bxc3+ 8. bxc3 Qa5 9. Bd3 Qxc3+ 10. Bd2 Qc7 11. Bb4 Nc6 12. Bc3 d6 13. 0-0 Bg4 14. Qd2 Bxf3 15. gxf3 Nh5 16. Kh1 Nf4 17. Rg1 0-0 18. Qxf4 1-0

[Event "SLO-chT (Women)"]
[Site "Rogaska Slatina"]
[Date "2009.03.28"]
[Round "3"]
[White "Vospernik, Mira"]
[Black "Rozic, Vesna"]
[Result "0-1"]
[WhiteElo "2059"]
[BlackElo "2280"]
[PlyCount "62"]
[EventDate "2009.03.27"]
[EventType "team-tourn"]
[EventRounds "9"]
[EventCountry "SLO"]
[SourceTitle "CBM 129 Extra"]
[Source "ChessBase"]
[SourceDate "2009.05.05"]
[SourceVersion "2"]
[SourceVersionDate "2009.05.20"]
[SourceQuality "1"]

1. d4 d5 2. Nf3 Nf6 3. Bf4 e6 4. e3 c5 5. c3 Be7 6. Bd3 Nbd7 7. Nbd2 Nh5 8. Bg3 f5 9. Ne5 Nxg3 10. hxg3 Nxe5 11. dxe5 Qc7 12. Nf3 Bd7 13. Qe2 0-0-0 14. 0-0 g5 15. b4 g4 16. Nh4 c4 17. Bc2 Qxe5 18. Rac1 Rhg8 19. f4 gxf3 20. Nxf3 Qxg3 21. a4 Bd6 22. Rf2 Rg7 23. Kf1 Qg6 24. Ng1 Rdg8 25. Nh3 Qh6 26. Qd2 Bg3 27. Re2 Be5 28. Rf2 Be8 29. Ng1 Bg3 30. Rxf5 exf5 31. Qxd5 Bc6 0-1

[Event "SLO-chT (Women)"]
[Site "Ljubljana"]
[Date "2007.12.08"]
[Round "8.3"]
[White "Vombek, Sara"]
[Black "Vospernik, Mira"]
[Result "0-1"]
[WhiteElo "1859"]
[BlackElo "2054"]
[PlyCount "98"]
[EventDate "2007.11.29"]
[EventType "team"]
[EventRounds "9"]
[EventCountry "SLO"]
[SourceTitle "CBM 121 Extra"]
[Source "ChessBase"]
[SourceDate "2008.01.10"]
[SourceVersion "1"]
[SourceVersionDate "2008.01.10"]
[SourceQuality "1"]
[WhiteTeam "Murska Sobota (W)"]
[BlackTeam "Maribor (W)"]
[WhiteTeamCountry "SLO"]
[BlackTeamCountry "SLO"]

1. e4 c5 2. Nf3 a6 3. d4 cxd4 4. Nxd4 Nf6 5. Nc3 e5 6. Nb3 Bb4 7. Bd3 d5 8. Qe2 d4 9. a3 Be7 10. Nd1 0-0 11. 0-0 Nc6 12. h3 a5 13. Bg5 Nd7 14. Bxe7 Qxe7 15. Nd2 Nb6 16. Nc4 Nxc4 17. Bxc4 Qg5 18. Qf3 Be6 19. Bxe6 fxe6 20. Qg4 Qh6 21. Qe2 Rf6 22. f3 Qg5 23. Nf2 h5 24. Nd3 b6 25. Rad1 Raf8 26. Qd2 Qg6 27. Qe2 Qf7 28. Qd2 Qg6 29. Qe2 h4 30. b4 axb4 31. axb4 Qh5 32. Ra1 Rg6 33. Ra6 Rb8 34. Rfa1 Rg3 35. Ra8 Qe8 36. R8a2 Qf8 37. b5 Nb4 38. Nxb4 Qxb4 39. Ra4 Qf8 40. R1a3 Kh7 41. Qd3 Qf4 42. Ra1 Qg5 43. Qe2 Rxh3 44. Qf2 Rg3 45. Kh2 Qf4 46. Kh1 Rf8 47. Ra8 Rf6 48. Rb8 h3 49. Raa8 hxg2+ 0-1

[Event "SLO-chT (Women)"]
[Site "Ljubljana"]
[Date "2007.11.30"]
[Round "2.3"]
[White "Vospernik, Mira"]
[Black "Bilbija, Aleksandra"]
[Result "1-0"]
[WhiteElo "2054"]
[BlackElo "1813"]
[PlyCount "83"]
[EventDate "2007.11.29"]
[EventType "team"]
[EventRounds "9"]
[EventCountry "SLO"]
[SourceTitle "CBM 121 Extra"]
[Source "ChessBase"]
[SourceDate "2008.01.10"]
[SourceVersion "1"]
[SourceVersionDate "2008.01.10"]
[SourceQuality "1"]
[WhiteTeam "Maribor (W)"]
[BlackTeam "Novo Mesto Krka (W)"]
[WhiteTeamCountry "SLO"]
[BlackTeamCountry "SLO"]

1. d4 Nf6 2. c4 g6 3. Nc3 Bg7 4. e4 d6 5. Bg5 0-0 6. Nf3 Nbd7 7. Be2 e5 8. d5 h6 9. Bh4 Qe8 10. Nd2 Nb6 11. b4 Bd7 12. a4 a5 13. b5 c5 14. bxc6 bxc6 15. Rb1 Rb8 16. 0-0 cxd5 17. Bxf6 Bxf6 18. Rxb6 Rxb6 19. Nxd5 Bd8 20. Nxb6 Bxb6 21. Qb3 Bc5 22. Bd1 Qb8 23. Qa2 Qb6 24. Nb1 Bd4 25. Na3 Be6 26. Nb5 f5 27. Bb3 Kg7 28. Qd2 fxe4 29. c5 dxc5 30. Bxe6 Qxe6 31. Qxa5 e3 32. Nxd4 cxd4 33. fxe3 Rxf1+ 34. Kxf1 Qc4+ 35. Kf2 Qc2+ 36. Kg3 Qf5 37. Qc7+ Kf6 38. Qd6+ Kg5 39. Qe7+ Qf6 40. Qxf6+ Kxf6 41. exd4 exd4 42. Kf4 1-0

[Event "SLO-chT1 (Women)"]
[Site "Otocec"]
[Date "2006.11.05"]
[Round "5"]
[White "Vospernik, Mira"]
[Black "Vodopivec, Tina"]
[Result "1-0"]
[WhiteElo "2072"]
[BlackElo "1557"]
[PlyCount "43"]
[EventDate "2006.11.02"]
[EventType "team"]
[EventRounds "9"]
[EventCountry "SLO"]
[SourceTitle "EXT 2008"]
[Source "ChessBase"]
[SourceDate "2007.11.25"]
[SourceVersion "1"]
[SourceVersionDate "2007.11.25"]
[SourceQuality "1"]

1. d4 Nf6 2. Nf3 g6 3. c4 Bg7 4. Nc3 d6 5. e4 0-0 6. Be2 Nbd7 7. 0-0 c5 8. d5 Ne8 9. Be3 e6 10. dxe6 fxe6 11. Qd2 Rf7 12. Bg5 Qc7 13. Rad1 a6 14. Bf4 e5 15. Nd5 Qd8 16. Bg5 Ndf6 17. Qc2 h6 18. Bh4 Bg4 19. Nxe5 Bxe2 20. Qxe2 Rf8 21. Nxg6 Rf7 22. e5 1-0

[Event "SLO-ch (Women) 15th"]
[Site "Ptuj"]
[Date "2005.08.17"]
[Round "7"]
[White "Krivec, Jana"]
[Black "Vospernik, Mira"]
[Result "1-0"]
[WhiteElo "2270"]
[BlackElo "2071"]
[PlyCount "53"]
[EventDate "2005.08.12"]
[EventType "swiss"]
[EventRounds "9"]
[EventCountry "SLO"]
[SourceTitle "CBM 107 Extra"]
[Source "ChessBase"]
[SourceDate "2005.09.01"]
[SourceVersion "1"]
[SourceVersionDate "2005.09.01"]
[SourceQuality "1"]

1. e4 g6 2. d4 Bg7 3. Nc3 d6 4. Be3 c6 5. Qd2 Nd7 6. f3 Qa5 7. Bc4 b5 8. Bb3 a6 9. Nge2 Qc7 10. a4 b4 11. Na2 c5 12. dxc5 dxc5 13. Nxb4 cxb4 14. Qd5 e6 15. Qxa8 Ne7 16. Qa7 Bb7 17. Bf4 e5 18. Bg5 Nc6 19. Qf2 h6 20. Be3 0-0 21. 0-0 Na5 22. Rac1 Nc4 23. Bxc4 Qxc4 24. b3 Qc6 25. c3 Qe6 26. cxb4 Qxb3 27. Rc7 1-0

[Event "SLO-ch (Women) 15th"]
[Site "Ptuj"]
[Date "2005.08.15"]
[Round "5"]
[White "Vospernik, Mira"]
[Black "Ahmatovic, Mirela"]
[Result "1-0"]
[WhiteElo "2071"]
[BlackElo "1966"]
[PlyCount "101"]
[EventDate "2005.08.12"]
[EventType "swiss"]
[EventRounds "9"]
[EventCountry "SLO"]
[SourceTitle "CBM 107 Extra"]
[Source "ChessBase"]
[SourceDate "2005.09.01"]
[SourceVersion "1"]
[SourceVersionDate "2005.09.01"]
[SourceQuality "1"]

1. Nf3 Nf6 2. d4 d5 3. Bf4 c5 4. c3 Qb6 5. Qb3 Bf5 6. dxc5 Qxb3 7. axb3 Nbd7 8. b4 e6 9. Na3 a6 10. Nb5 Rc8 11. Nbd4 Bg6 12. e3 Be7 13. c6 bxc6 14. Rxa6 c5 15. Nc6 cxb4 16. Nxe7 Kxe7 17. Bd6+ Kd8 18. Bxb4 Nc5 19. Ba5+ Ke7 20. Ra7+ Kd6 21. Bb4 Ra8 22. Ra3 Nfd7 23. Bb5 Kc7 24. Bxd7 Nd3+ 25. Ke2 Kxd7 26. Rxa8 Rxa8 27. Ba3 Nxb2 28. Ne5+ Kc7 29. Ra1 Rb8 30. Nxg6 hxg6 31. Rb1 Nc4 32. Rxb8 Kxb8 33. Bf8 Kc7 34. Bxg7 Kd6 35. Bf8+ Kc6 36. g4 Ne5 37. f3 Kd7 38. Bg7 Nc4 39. Bf6 e5 40. f4 exf4 41. exf4 Ke6 42. Bd4 Nd6 43. h4 Ne4 44. Kd3 Nd6 45. h5 gxh5 46. gxh5 Nf5 47. Bg7 f6 48. h6 Kf7 49. c4 dxc4+ 50. Kxc4 Nxg7 51. h7 1-0

[Event "SLO-ch (Women) 15th"]
[Site "Ptuj"]
[Date "2005.08.14"]
[Round "4"]
[White "Mar, Karmen"]
[Black "Vospernik, Mira"]
[Result "1-0"]
[WhiteElo "2134"]
[BlackElo "2071"]
[PlyCount "120"]
[EventDate "2005.08.12"]
[EventType "swiss"]
[EventRounds "9"]
[EventCountry "SLO"]
[SourceTitle "CBM 107 Extra"]
[Source "ChessBase"]
[SourceDate "2005.09.01"]
[SourceVersion "1"]
[SourceVersionDate "2005.09.01"]
[SourceQuality "1"]

1. e4 e6 2. d4 d5 3. Nd2 Nf6 4. e5 Nfd7 5. Bd3 c5 6. c3 Nc6 7. Ngf3 Qb6 8. 0-0 cxd4 9. cxd4 Be7 10. Nb3 a5 11. a4 h6 12. Be3 0-0 13. Rc1 f5 14. exf6 Nxf6 15. Ne5 Nb4 16. Ng6 Rf7 17. Nxe7+ Rxe7 18. Bb1 Qd6 19. Qd2 Qd8 20. Bf4 b6 21. Rc3 Ba6 22. Re1 Ne4 23. Bxe4 dxe4 24. Rxe4 Bb7 25. Re5 Nd5 26. Rg3 Nxf4 27. Qxf4 Kh8 28. Rh5 Qf8 29. Qe5 Kh7 30. Nc1 Rd8 31. Nd3 Rd5 32. Qe4+ Rf5 33. Qg4 Ba6 34. Qg6+ Kh8 35. Rxf5 Qxf5 36. Qxf5 exf5 37. Ne5 Kh7 38. Rc3 Bb7 39. f4 g5 40. fxg5 hxg5 41. Kf2 Kg7 42. Rg3 Kf6 43. h4 g4 44. Rc3 Rh7 45. g3 Be4 46. Rc8 Rb7 47. Rf8+ Kg7 48. Rd8 b5 49. Rd7+ Rxd7 50. Nxd7 bxa4 51. Nb6 f4 52. gxf4 Kf6 53. Nxa4 Bf5 54. Nc3 Ke6 55. Kg3 Kd6 56. Nd1 Bd7 57. Ne3 a4 58. Nxg4 Bxg4 59. Kxg4 Kd5 60. h5 Kxd4 1-0

[Event "SLO-ch (Women) 15th"]
[Site "Ptuj"]
[Date "2005.08.13"]
[Round "2"]
[White "Rozic, Vesna"]
[Black "Vospernik, Mira"]
[Result "1-0"]
[WhiteElo "2192"]
[BlackElo "2071"]
[PlyCount "133"]
[EventDate "2005.08.12"]
[EventType "swiss"]
[EventRounds "9"]
[EventCountry "SLO"]
[SourceTitle "CBM 107 Extra"]
[Source "ChessBase"]
[SourceDate "2005.09.01"]
[SourceVersion "1"]
[SourceVersionDate "2005.09.01"]
[SourceQuality "1"]

1. d4 Nf6 2. Nf3 g6 3. Bg5 h6 4. Bh4 Bg7 5. Nbd2 d5 6. e3 0-0 7. Be2 b6 8. 0-0 Bb7 9. Ne5 c5 10. c3 c4 11. f4 e6 12. g4 Qc8 13. g5 hxg5 14. Bxg5 Nbd7 15. Qe1 Nh7 16. Bh4 Re8 17. Qg3 Ndf8 18. Bd1 b5 19. Ndf3 Qc7 20. Qg2 a5 21. Bc2 b4 22. Bg3 Qe7 23. a3 Reb8 24. h4 f5 25. Be1 bxc3 26. Bxc3 Bxe5 27. dxe5 Bc6 28. Qg3 Qg7 29. Nd4 Be8 30. Rf2 Rb7 31. Rg2 Kh8 32. Kh1 Raa7 33. Rag1 Qh6 34. Qe1 a4 35. Bd1 Rg7 36. Rh2 Kg8 37. Bb4 Rab7 38. Bf3 Rb6 39. Ba5 Rb8 40. Qc3 Kh8 41. Bd1 Rgb7 42. Bb4 Rc8 43. Nf3 Rcb8 44. Qd4 Rxb4 45. axb4 Rxb4 46. Qc5 Rb8 47. Qd6 Ra8 48. Ng5 Qg7 49. Nxe6 Nxe6 50. Qxe6 Qb7 51. Bf3 Bf7 52. Qd6 Re8 53. Qc5 Rc8 54. Qd4 Be6 55. Rxg6 Nf8 56. Rg1 Nh7 57. Rd1 Ra8 58. Qxc4 Qb6 59. Qd4 Qb3 60. Qc3 Qb6 61. Rhd2 Rc8 62. Qd4 Qd8 63. Bxd5 Bxd5+ 64. Qxd5 Qxh4+ 65. Rh2 Qg3 66. Qg2 Qxe3 67. Rxh7+ 1-0

[Event "SLO-chT (Women)"]
[Site "Bled"]
[Date "2004.11.26"]
[Round "6"]
[White "Ahmatovic, Mirela"]
[Black "Vospernik, Mira"]
[Result "1-0"]
[WhiteElo "1978"]
[BlackElo "2073"]
[PlyCount "77"]
[EventDate "2004.11.19"]
[EventType "team"]
[EventRounds "9"]
[EventCountry "SLO"]
[SourceTitle "CBM 103 Extra"]
[Source "ChessBase"]
[SourceDate "2005.01.01"]
[SourceVersion "1"]
[SourceVersionDate "2005.01.01"]
[SourceQuality "1"]

1. e4 d6 2. d4 Nf6 3. Nc3 g6 4. Bg5 Bg7 5. e5 dxe5 6. dxe5 Qxd1+ 7. Rxd1 Ng8 8. Nf3 c6 9. Bc4 Bg4 10. Rd3 Bf5 11. Rd2 Bh6 12. 0-0 Bg4 13. Rfd1 Na6 14. Ne4 Bxf3 15. gxf3 Bxg5 16. Nxg5 Nh6 17. e6 0-0 18. exf7+ Kh8 19. Ne6 Nxf7 20. Nxf8 Rxf8 21. Bxa6 bxa6 22. Rd7 Re8 23. Re1 Ng5 24. Rexe7 Nxf3+ 25. Kg2 Ne1+ 26. Kf1 Rxe7 27. Rxe7 Nxc2 28. Rxa7 Nb4 29. a3 Nd3 30. Rxa6 Nxb2 31. Rxc6 Kg7 32. Ke2 Kf7 33. Rc7+ Ke6 34. Rxh7 Nc4 35. a4 Kd6 36. Rb7 Kc6 37. Rb5 Nd6 38. Rg5 Ne4 39. Rxg6+ 1-0

[Event "SLO-ch (Women)"]
[Site "Bled"]
[Date "2003.08.08"]
[Round "7"]
[White "Vospernik, Mira"]
[Black "Svent, Suzana"]
[Result "1/2-1/2"]
[WhiteElo "2085"]
[BlackElo "1960"]
[PlyCount "171"]
[EventDate "2003.08.03"]
[EventType "swiss"]
[EventRounds "9"]
[EventCountry "SLO"]
[SourceTitle "CBM 095 Extra"]
[Source "ChessBase"]
[SourceDate "2003.09.04"]
[SourceVersion "1"]
[SourceVersionDate "2003.09.04"]
[SourceQuality "1"]

1. Nf3 Nf6 2. d4 g6 3. c4 Bg7 4. Nc3 d6 5. e4 0-0 6. Be2 e5 7. Bg5 exd4 8. Nxd4 h6 9. Bh4 g5 10. Bg3 Re8 11. f3 Nc6 12. Nc2 Nh5 13. Qd2 f5 14. 0-0-0 Nxg3 15. hxg3 fxe4 16. Nxe4 Bf5 17. Bd3 Ne5 18. Ne3 Nxd3+ 19. Qxd3 Bxe4 20. fxe4 Qf6 21. Rd2 Qe6 22. Nd5 Rac8 23. Re1 c6 24. Nc3 Be5 25. Kb1 Qg4 26. Rh1 Re6 27. c5 Bxc3 28. bxc3 dxc5 29. Re1 Rce8 30. Rde2 Re5 31. Qf3 Qe6 32. Qh5 Kg7 33. Qf3 Qc4 34. Rf2 Qe6 35. Rfe2 Qc4 36. Rf2 Qe6 37. Rfe2 b5 38. Qd3 c4 39. Qe3 c5 40. a3 Qa6 41. Qc1 Qb7 42. Qc2 a5 43. Ka1 Qc6 44. Re3 b4 45. Qe2 Qe6 46. Qc2 Qc6 47. Qe2 Qa6 48. Qc2 Rd8 49. Rd1 b3 50. Qb1 b2+ 51. Ka2 Rxd1 52. Qxd1 Qb5 53. Qc2 Qb3+ 54. Kb1 Qxa3 55. Qxb2 Qxb2+ 56. Kxb2 Re6 57. Ka3 Kf6 58. Ka4 Rb6 59. Kxa5 Rb3 60. g4 Ke5 61. g3 Rb2 62. Ka4 Rb1 63. Ka5 Rb2 64. Ka4 Rb7 65. Ka3 Rd7 66. Rf3 Rd3 67. Rf5+ Kxe4 68. Rxc5 Rxc3+ 69. Kb2 Rb3+ 70. Kc2 Kd4 71. Rc6 Rxg3 72. Rxh6 Rg2+ 73. Kc1 Kc3 74. Kd1 Rxg4 75. Ke2 Kc2 76. Rg6 c3 77. Kf3 Rf4+ 78. Ke3 Rf5 79. Ke4 Rb5 80. Rf6 Kb2 81. Kd3 Rd5+ 82. Kc4 c2 83. Rb6+ Ka2 84. Ra6+ Kb2 85. Rb6+ Ka2 86. Ra6+ 1/2-1/2

[Event "SLO-ch (Women)"]
[Site "Bled"]
[Date "2003.08.07"]
[Round "6"]
[White "Srebrnic, Ana"]
[Black "Vospernik, Mira"]
[Result "1-0"]
[WhiteElo "2243"]
[BlackElo "2085"]
[PlyCount "65"]
[EventDate "2003.08.03"]
[EventType "swiss"]
[EventRounds "9"]
[EventCountry "SLO"]
[SourceTitle "CBM 095 Extra"]
[Source "ChessBase"]
[SourceDate "2003.09.04"]
[SourceVersion "1"]
[SourceVersionDate "2003.09.04"]
[SourceQuality "1"]

1. Nf3 d5 2. d4 Bf5 3. c4 e6 4. Nc3 c6 5. Qb3 Qb6 6. c5 Qxb3 7. axb3 Nd7 8. b4 a6 9. b5 cxb5 10. Nxb5 Rc8 11. Nc3 Ne7 12. Bf4 Nc6 13. e3 Nb4 14. Kd2 b6 15. cxb6 Nxb6 16. Nh4 Nc4+ 17. Bxc4 dxc4 18. Nxf5 exf5 19. Ra5 Nd3 20. Bg3 Bb4 21. Rxf5 0-0 22. Kc2 g6 23. Rd5 Be7 24. Rd7 Bd8 25. Nd5 a5 26. b3 Nb4+ 27. Nxb4 axb4 28. bxc4 Rxc4+ 29. Kb3 Rc6 30. Ra1 Bb6 31. Kxb4 Rfc8 32. Kb5 Bd8 33. Rxd8+ 1-0

[Event "SLO-ch (Women)"]
[Site "Bled"]
[Date "2003.08.05"]
[Round "4"]
[White "Stevanec, Lea"]
[Black "Vospernik, Mira"]
[Result "1/2-1/2"]
[WhiteElo "2117"]
[BlackElo "2085"]
[PlyCount "49"]
[EventDate "2003.08.03"]
[EventType "swiss"]
[EventRounds "9"]
[EventCountry "SLO"]
[SourceTitle "CBM 095 Extra"]
[Source "ChessBase"]
[SourceDate "2003.09.04"]
[SourceVersion "1"]
[SourceVersionDate "2003.09.04"]
[SourceQuality "1"]

1. e4 d6 2. d4 g6 3. Nc3 Bg7 4. Be3 Nh6 5. h3 f5 6. Qd2 Nf7 7. exf5 Bxf5 8. g4 Bd7 9. Bg2 c6 10. Nge2 d5 11. f4 e6 12. 0-0-0 Nd6 13. Ng3 Nc4 14. Qe1 Qe7 15. Bf1 Nxe3 16. Qxe3 Qh4 17. Kb1 0-0 18. Nce2 Qf6 19. h4 c5 20. c3 cxd4 21. cxd4 Nc6 22. g5 Qf7 23. Bg2 Rfe8 24. Rhf1 Na5 25. b3 1/2-1/2

[Event "SLO-ch (Women)"]
[Site "Bled"]
[Date "2003.08.04"]
[Round "3"]
[White "Krivec, Jana"]
[Black "Vospernik, Mira"]
[Result "1-0"]
[WhiteElo "2268"]
[BlackElo "2085"]
[PlyCount "43"]
[EventDate "2003.08.03"]
[EventType "swiss"]
[EventRounds "9"]
[EventCountry "SLO"]
[SourceTitle "CBM 095 Extra"]
[Source "ChessBase"]
[SourceDate "2003.09.04"]
[SourceVersion "1"]
[SourceVersionDate "2003.09.04"]
[SourceQuality "1"]

1. e4 e6 2. d4 d5 3. Nd2 Nf6 4. e5 Nfd7 5. Bd3 c5 6. c3 Nc6 7. Ne2 Qb6 8. Nf3 Be7 9. 0-0 h6 10. Bb1 c4 11. b3 Na5 12. Nd2 a6 13. bxc4 Nxc4 14. Nxc4 dxc4 15. Nf4 g5 16. Nh5 Bf8 17. Be4 Qc7 18. f4 Be7 19. fxg5 hxg5 20. Ng7+ Kd8 21. Rxf7 Rh6 22. Rxe7 1-0

[Event "SLO-chT (Women)"]
[Site "Bled"]
[Date "2001.11.23"]
[Round "3"]
[White "Vospernik, Mira"]
[Black "Spendal, Barbara"]
[Result "1/2-1/2"]
[WhiteElo "2076"]
[BlackElo "1531"]
[PlyCount "118"]
[EventDate "2001.11.18"]
[EventType "team"]
[EventRounds "5"]
[EventCountry "SLO"]
[SourceTitle "EXT 2003"]
[Source "ChessBase"]
[SourceDate "2002.11.25"]
[SourceVersion "1"]
[SourceVersionDate "2002.11.25"]
[SourceQuality "1"]

1. Nf3 Nc6 2. d4 d5 3. Bf4 Bf5 4. c3 e6 5. e3 Bd6 6. Bg3 Nge7 7. Nbd2 0-0 8. Nh4 a6 9. Nxf5 Nxf5 10. Bd3 Qf6 11. Qf3 Nce7 12. e4 Nxg3 13. hxg3 Qxf3 14. gxf3 Ng6 15. e5 Be7 16. f4 h6 17. f5 exf5 18. Bxf5 Bd8 19. 0-0-0 Ne7 20. Bd7 c6 21. f4 Bb6 22. Nf3 Rad8 23. e6 fxe6 24. Bxe6+ Kh7 25. Ng5+ Kg6 26. Nf3 Bc7 27. Rde1 Nf5 28. Bxf5+ Kxf5 29. Re7 Bd6 30. Rxg7 Rg8 31. Rf7+ Ke4 32. Ne5 Rxg3 33. Rxh6 Bxe5 34. fxe5 Rdg8 35. Rf1 Kd3 36. Rh2 R8g7 37. Rd2+ Ke3 38. Re1+ Kf4 39. e6 Re7 40. Re5 Rgg7 41. Rde2 Kf3 42. Kd2 Kf4 43. Rf2+ Kg3 44. Rf6 Kh4 45. Rf4+ Kg3 46. Rf1 Kh3 47. Re2 Kh4 48. Re5 Kh3 49. Kc2 b5 50. Kb3 a5 51. a4 bxa4+ 52. Kxa4 Rg6 53. Rfe1 Rg2 54. R1e2 Rg8 55. Kxa5 Rb8 56. Ka6 Reb7 57. c4 Rb4 58. Ka7 R4b7+ 59. Ka6 Rb4 1/2-1/2

[Event "SLO-chT1 (Women)"]
[Site "Bled"]
[Date "2000.??.??"]
[Round "?"]
[White "Vospernik, Mira"]
[Black "Mar, Karmen"]
[Result "1-0"]
[WhiteElo "2080"]
[BlackElo "2029"]
[PlyCount "117"]
[EventDate "2000.??.??"]
[EventType "team"]
[EventRounds "9"]
[EventCountry "SLO"]
[SourceTitle "EXT 2002"]
[Source "ChessBase"]
[SourceDate "2001.11.25"]
[SourceVersion "1"]
[SourceVersionDate "2001.11.25"]
[SourceQuality "1"]

1. d4 d5 2. Nf3 Nf6 3. Bf4 c5 4. e3 Nc6 5. c3 e6 6. Nbd2 Be7 7. Bd3 0-0 8. Ne5 Bd7 9. g4 Rc8 10. g5 Ne8 11. Bxh7+ Kxh7 12. Qh5+ Kg8 13. Nxf7 Rxf7 14. g6 Bf6 15. gxf7+ Kf8 16. fxe8Q+ Bxe8 17. Qh3 cxd4 18. exd4 Bf7 19. Nf3 Na5 20. Ne5 Nc4 21. Nxc4 Rxc4 22. 0-0 Qb6 23. b3 Rc6 24. Qd3 Qd8 25. Rac1 Qd7 26. Be5 Qe7 27. f4 Bxe5 28. fxe5 Qg5+ 29. Qg3 Qh6 30. Rc2 Ke8 31. Rg2 Kf8 32. Qf3 Rc7 33. Rg3 Rd7 34. Qg2 Kg8 35. h3 Rc7 36. Rf6 Qh7 37. Rf1 Qh6 38. c4 dxc4 39. bxc4 Rd7 40. d5 exd5 41. Rd1 d4 42. Qf2 Qb6 43. Rgd3 Bxc4 44. Rxd4 Rxd4 45. Qxd4 Qxd4+ 46. Rxd4 Bxa2 47. Rd7 Be6 48. Rxb7 Bxh3 49. Rxa7 g6 50. Kh2 Bf5 51. Kg3 g5 52. Kf3 Kf8 53. Ke3 Kg8 54. Kd4 g4 55. Ke3 Kf8 56. Kf4 Be6 57. Kg5 Ke8 58. Kf6 Bd5 59. e6 1-0

[Event "SLO-ch (Women)"]
[Site "Skofja Loka"]
[Date "2000.??.??"]
[Round "?"]
[White "Vrabic, Anita"]
[Black "Vospernik, Mira"]
[Result "1-0"]
[WhiteElo "2200"]
[BlackElo "2080"]
[PlyCount "67"]
[EventDate "2000.11.??"]
[EventType "swiss"]
[EventRounds "6"]
[EventCountry "SLO"]
[SourceTitle "CBM 079 Extra"]
[Source "ChessBase"]
[SourceDate "2001.01.11"]
[SourceVersion "2"]
[SourceVersionDate "2001.01.25"]
[SourceQuality "1"]

1. e4 e5 2. Nf3 Nc6 3. Nc3 d6 4. Bb5 a6 5. Bxc6+ bxc6 6. d4 Bg4 7. dxe5 Bxf3 8. Qxf3 dxe5 9. Qg3 Qf6 10. 0-0 Bd6 11. Na4 Qg6 12. Qe3 Nf6 13. f3 Nd7 14. Qc3 0-0 15. Be3 h5 16. Kh1 Nb8 17. Qb3 Nd7 18. Qb7 c5 19. Qc6 Nb6 20. Nxb6 cxb6 21. Qxb6 Rab8 22. Qxa6 Rxb2 23. Qd3 Rc8 24. Rfb1 c4 25. Qc3 Rxb1+ 26. Rxb1 Qe6 27. Rb6 Qe7 28. a4 Qc7 29. Qa5 Qd8 30. Qd5 Bc7 31. Rc6 Qh4 32. Qxc4 Qe1+ 33. Bg1 Qa5 34. c3 1-0

[Event "SLO-ch (Women)"]
[Site "Maribor"]
[Date "1998.??.??"]
[Round "6"]
[White "Mihevc Mohr, Narcisa"]
[Black "Vospernik, Mira"]
[Result "1-0"]
[WhiteElo "2205"]
[BlackElo "2105"]
[PlyCount "67"]
[EventDate "1998.??.??"]
[EventType "tourn"]
[EventRounds "9"]
[EventCountry "SLO"]
[SourceTitle "EXT 1999"]
[Source "ChessBase"]
[SourceDate "1998.11.16"]
[SourceVersion "1"]
[SourceVersionDate "1998.11.16"]
[SourceQuality "1"]

1. e4 e5 2. Nf3 Nc6 3. Nc3 d6 4. d4 Bg4 5. Bb5 Bxf3 6. gxf3 exd4 7. Qxd4 a6 8. Bxc6+ bxc6 9. Bd2 Qd7 10. Rg1 Ne7 11. 0-0-0 Qh3 12. f4 Qc8 13. f5 f6 14. Ne2 Qb7 15. Nf4 c5 16. Qd3 Rb8 17. Bc3 Nc6 18. Ne6 Ne5 19. Bxe5 fxe5 20. b3 a5 21. Nxg7+ Kd7 22. f4 exf4 23. e5 Qb4 24. e6+ Kc8 25. f6 a4 26. Qa6+ Rb7 27. Qa8+ Rb8 28. Qa6+ Rb7 29. Qxa4 Qxa4 30. bxa4 f3 31. e7 Bxg7 32. Rxg7 c6 33. Rf1 Rb4 34. f7 1-0